Entry Nombre personal
001 - NÚMERO DE CONTROL
- campo de control: 131576
003 - IDENTIFICADOR DE NÚMERO DE CONTROL
- campo de control: SpMaBN
005 - FECHA Y HORA DE LA ÚLTIMA TRANSACCIÓN
- campo de control: 20250715023915.0
008 - ELEMENTOS DE DATO DE LONGITUD-FIJA
- campo de control de longitud fija: 960922nn aijnnaabn a aaa
016 ## - NÚMERO DE CONTROL DE UNA AGENCIA BIBLIOGRÁFICA NACIONAL
- Número de control del registro: BNE19999615146
024 7# - IDENTIFICADOR DE OTROS ESTÁNDARES
- Número estándar o código: http://viaf.org/viaf/87166818/
- Fuente: viaf
040 ## - FUENTE DE CATALOGACIÓN
- Centro catalogador/agencia de origen: SpMaBN
- Lengua de catalogación: spa
- Centro/agencia transcriptor: SpMaBN
- Normas de descripción: rdc
- Convención/Normas de encabezamiento de materia/tesauro: embne
042 ## - CÓDIGO DE AUTENTICACIÓN
- Código de autenticación: NORM20110215
046 ## - FECHAS CON CODIFICACIÓN ESPECIAL
- Fecha de nacimiento: 1850
100 1# - ENCABEZAMIENTO-NOMBRE DE PERSONA
- Nombre de persona: Ramón y Vidal, Juan,
- Fechas asociadas al nombre: 1850-
375 ## - GÉNERO/SEXO
- Género: Masculino
400 1# - TRAZADO DE VÉASE--NOMBRE DE PERSONA
- Nombre de persona: Ramón Vidal, Juan,
- Fechas asociadas al nombre: 1850-
670 ## - FUENTE DE DATOS ENCONTRADOS
- Cita de la fuente: Los parrales de la provincia de Almería, 2006 (reprod de la ed. de 1902)
- Información encontrada: port. (Juan Ramón y Vidal) p. 10, etc. (n. 29-1-1850, en Felanitx, Mallorca; ingeniero agrícola)
675 ## - FUENTE DE DATOS NO ENCONTRADOS
- Cita de la fuente: Espasa, ABEPI
